Global marketplace for private health insurance (Record no. 211925)
[ view plain ]
| 000 -LEADER | |
|---|---|
| fixed length control field | 01412nam a2200349Ia 4500 |
| 082 04 - DEWEY DECIMAL CLASSIFICATION NUMBER | |
| Classification number | 368.38/2 |
| 245 00 - TITLE STATEMENT | |
| Title | Global marketplace for private health insurance |
| 260 ## - PUBLICATION, DISTRIBUTION, ETC. (IMPRINT) | |
| Place of publication | Washington, DC : |
| Name of publisher | World Bank, |
| Year of publication | 2010. |
| 300 ## - PHYSICAL DESCRIPTION | |
| Number of Pages | xxxiv, 491 p. : |
| Other physical details | ill. |
| 650 #0 - SUBJECT ADDED ENTRY--TOPICAL TERM | |
| Topical Term | Health insurance |
| Topical Term | Economics. |
| 700 1# - ADDED ENTRY--PERSONAL NAME | |
| Personal name | Preker, Alexander S., |
| Personal name | Zweifel, Peter. |
| Personal name | Schellekens, Onno P., |
| 856 40 - ELECTRONIC LOCATION AND ACCESS | |
| Uniform Resource Identifier | http://site.ebrary.com/lib/rucke/Doc?id=10356785 |
No items available.
